Gender and society in India (Volume II) (Record no. 11660)

MARC details
000 -LEADER
fixed length control field 00615 a2200229 4500
001 - CONTROL NUMBER
control field 138924
003 - CONTROL NUMBER IDENTIFIER
control field OSt
005 - DATE AND TIME OF LATEST TRANSACTION
control field 20210928115826.0
008 - FIXED-LENGTH DATA ELEMENTS--GENERAL INFORMATION
fixed length control field
020 ## - INTERNATIONAL STANDARD BOOK NUMBER
International Standard Book Number 8186562621
082 ## - DEWEY DECIMAL CLASSIFICATION NUMBER
Classification number 305.420954
Item number I27G
100 1# - MAIN ENTRY--PERSONAL NAME
Personal name R. Indira
245 1# - TITLE STATEMENT
Title Gender and society in India (Volume II)
Statement of responsibility, etc by R. Indira and Deepak Kumar Behara
260 ## - PUBLICATION, DISTRIBUTION, ETC. (IMPRINT)
Place of publication, distribution, etc New Delhi
Name of publisher, distributor, etc Manak Publications
Date of publication, distribution, etc 1999
300 ## - PHYSICAL DESCRIPTION
Extent 242p.
630 ## - SUBJECT ADDED ENTRY--UNIFORM TITLE
Uniform title Social Work
630 ## - SUBJECT ADDED ENTRY--UNIFORM TITLE
Uniform title Sex role
630 ## - SUBJECT ADDED ENTRY--UNIFORM TITLE
Uniform title Women-Social conditions
630 ## - SUBJECT ADDED ENTRY--UNIFORM TITLE
Uniform title Social conditions
700 ## - ADDED ENTRY--PERSONAL NAME
Personal name Behara, Deepak Kumar
942 ## - ADDED ENTRY ELEMENTS (KOHA)
Source of classification or shelving scheme Dewey Decimal Classification
Koha item type Books
Holdings
Withdrawn status Lost status Source of classification or shelving scheme Damaged status Not for loan Collection code Home library Current library Date acquired Source of acquisition Cost, normal purchase price Full call number Barcode Date last seen Price effective from Koha item type
    Dewey Decimal Classification     General Text Book Central University Of Rajasthan Central University Of Rajasthan 12/03/2014 SCW 0.00 305.420954 I27G 14596 21/11/2024 02/09/2020 Books